[Event "POL-chT 1st League"]
[Site "Darlowo"]
[Date "2024.09.21"]
[Round "8.28"]
[White "Mazalon, Mariusz"]
[Black "Polkowski, Piotr"]
[Result "1/2-1/2"]
[WhiteElo "1986"]
[BlackElo "2116"]
[PlyCount "118"]
[EventDate "2024.09.14"]
[EventType "team-swiss"]
[EventRounds "9"]
[EventCountry "POL"]
[SourceTitle "EXT 2025"]
[Source "ChessBase"]
[SourceDate "2024.10.14"]
[SourceVersion "1"]
[SourceVersionDate "2024.10.14"]
[SourceQuality "1"]

1. d4 d5 2. c4 e6 3. Nf3 Nf6 4. g3 Be7 5. Bg2 c6 6. 0-0 Nbd7 7. Nbd2 0-0 8. Qc2 b6 9. e4 Bb7 10. e5 Ne8 11. b3 Rc8 12. Bb2 c5 13. dxc5 Nxc5 14. Rad1 Nc7 15. Rfe1 dxc4 16. Nxc4 Nd5 17. Qb1 h6 18. Nd4 a6 19. h4 Na4 20. Ne2 Nxb2 21. Qxb2 Qc7 22. Rc1 Qb8 23. Qd4 Bc5 24. Qg4 b5 25. Na5 Ba8 26. Bxd5 exd5 27. b4 Be7 28. Rxc8 Rxc8 29. a3 Rc7 30. Nd4 Bf8 31. Nf5 Kh7 32. e6 fxe6 33. Rxe6 Rc1+ 34. Kh2 d4 35. f3 Qc8 36. Qg6+ Kh8 37. Nxd4 Qc3 38. Re8 Qd2+ 39. Ne2 Rc8 40. Nb3 Qd7 41. Rxc8 Qxc8 42. Nbd4 a5 43. Qf7 axb4 44. Nf4 Bd6 45. axb4 Bxf4 46. Qxf4 Bd5 47. Qe5 Bc4 48. Nxb5 Qb7 49. Nd6 Qxf3 50. Nxc4 Qf2+ 51. Kh3 Qf1+ 52. Kg4 Qxc4+ 53. Qf4 Qe6+ 54. Kf3 Qc6+ 55. Qe4 Qb5 56. Ke3 Qb6+ 57. Kf3 Qb5 58. Kf4 Qb8+ 59. Kf3 Qb5 1/2-1/2

[Event "POL-chT 1st League"]
[Site "Darlowo"]
[Date "2024.09.19"]
[Round "6.22"]
[White "Smieszek, Wojciech"]
[Black "Polkowski, Piotr"]
[Result "1-0"]
[WhiteElo "2088"]
[BlackElo "2116"]
[PlyCount "151"]
[EventDate "2024.09.14"]
[EventType "team-swiss"]
[EventRounds "9"]
[EventCountry "POL"]
[SourceTitle "EXT 2025"]
[Source "ChessBase"]
[SourceDate "2024.10.14"]
[SourceVersion "1"]
[SourceVersionDate "2024.10.14"]
[SourceQuality "1"]

1. e4 e5 2. Nf3 Nc6 3. d4 exd4 4. Nxd4 Qf6 5. Nxc6 Bc5 6. Qf3 Qxf3 7. gxf3 bxc6 8. Be3 Bb6 9. Rg1 Ne7 10. a4 Rb8 11. b3 0-0 12. Nd2 d6 13. Nc4 Bxe3 14. Nxe3 Ng6 15. Be2 Be6 16. Rg5 c5 17. 0-0-0 Nf4 18. Bb5 f6 19. Rgg1 c4 20. Kb2 cxb3 21. cxb3 a6 22. Bc4 Bxc4 23. Nxc4 Rb4 24. Ka3 Rfb8 25. Na5 R4b6 26. Rd2 Ne6 27. Rc1 c5 28. Rc3 Nd4 29. Rb2 Kf7 30. Nc4 Rc6 31. f4 Re8 32. f3 g6 33. Na5 Rb6 34. Nc4 Rc6 35. Rd2 Ke6 36. Ka2 Rb8 37. Re3 Rc7 38. Rc3 Rcc8 39. Na3 Rb4 40. Nc2 Nxc2 41. Rdxc2 Rcb8 42. Rd2 R8b6 43. Rdd3 Rb8 44. Rd2 R8b6 45. Rdd3 f5 46. Re3 Rb7 47. Ka3 Rf7 48. e5 Rxf4 49. exd6+ Kxd6 50. Re8 Rc7 51. Rd3+ Rd4 52. Rde3 Kd7 53. Ra8 Rd6 54. Ree8 Rf6 55. Rh8 Rfc6 56. Rxh7+ Kd6 57. Rxc7 Kxc7 58. Rg8 Rd6 59. h4 Kc6 60. Kb2 Kd5 61. Kc3 Ke5 62. Kc4 Rc6 63. a5 Kf4 64. Rb8 Kxf3 65. Rb6 Rc8 66. Rxa6 Kg4 67. Rxg6+ Kxh4 68. a6 f4 69. a7 f3 70. Rf6 Kg3 71. Kb5 f2 72. Kb6 Re8 73. Kxc5 Kg2 74. b4 f1Q 75. Rxf1 Kxf1 76. b5 1-0

[Event "POL-chT 1st League"]
[Site "Leba"]
[Date "2023.10.01"]
[Round "9.7"]
[White "Madej, Marek"]
[Black "Polkowski, Piotr"]
[Result "1-0"]
[WhiteElo "2094"]
[BlackElo "2129"]
[PlyCount "80"]
[EventDate "2023.09.23"]
[EventType "team-swiss"]
[EventRounds "9"]
[EventCountry "POL"]
[SourceTitle "CBM 216 Extra"]
[Source "ChessBase"]
[SourceDate "2023.11.30"]
[SourceVersion "1"]
[SourceVersionDate "2023.11.30"]
[SourceQuality "1"]
[WhiteTeam "Wroclaw Polonia"]
[BlackTeam "Lublin LKSz"]
[WhiteTeamCountry "POL"]
[BlackTeamCountry "POL"]

1. e4 e5 2. Nf3 Nc6 3. Bc4 Bc5 4. c3 Nf6 5. d3 d6 6. 0-0 0-0 7. Nbd2 Bb6 8. Bb3 Ne7 9. h3 c6 10. Re1 Ng6 11. Nf1 Nh5 12. d4 Nhf4 13. Bxf4 exf4 14. e5 dxe5 15. Nxe5 Nxe5 16. Rxe5 Bc7 17. Re1 Qg5 18. Qf3 Bf5 19. Nd2 Rfe8 20. d5 Red8 21. Ne4 Bxe4 22. Rxe4 cxd5 23. Rd4 Bb6 24. Rxf4 Rd7 25. Rd1 Rad8 26. Rf5 Qg6 27. Rfxd5 Rxd5 28. Rxd5 Rxd5 29. Bxd5 Bc7 30. g3 Kf8 31. Bxb7 Qb1+ 32. Kg2 Bb6 33. Bd5 Qg6 34. b4 f6 35. c4 Qc2 36. c5 Bc7 37. Bb3 Qd2 38. Qh5 Qd7 39. Qxh7 Qc6+ 40. Kg1 g5 1-0

[Event "POL-chT 1st League"]
[Site "Leba"]
[Date "2023.09.29"]
[Round "7.8"]
[White "Polkowski, Piotr"]
[Black "Wojdak, Jan"]
[Result "1/2-1/2"]
[WhiteElo "2129"]
[BlackElo "2188"]
[PlyCount "195"]
[EventDate "2023.09.23"]
[EventType "team-swiss"]
[EventRounds "9"]
[EventCountry "POL"]
[SourceTitle "CBM 216 Extra"]
[Source "ChessBase"]
[SourceDate "2023.11.30"]
[SourceVersion "1"]
[SourceVersionDate "2023.11.30"]
[SourceQuality "1"]
[WhiteTeam "Lublin LKSz"]
[BlackTeam "Rybnik"]
[WhiteTeamCountry "POL"]
[BlackTeamCountry "POL"]

1. e4 c5 2. Nc3 e6 3. Bc4 Nc6 4. d3 a6 5. a4 Nf6 6. Nf3 d5 7. Bb3 h6 8. 0-0 Be7 9. h3 0-0 10. Bf4 b6 11. Re1 Bb7 12. e5 Nd7 13. Ne2 Na5 14. Ba2 b5 15. c3 d4 16. cxd4 Bxf3 17. gxf3 cxd4 18. Nxd4 Bg5 19. Ne2 Nc5 20. d4 Nxa4 21. Bb1 Bxf4 22. Nxf4 Qg5+ 23. Ng2 Nb7 24. Qd3 g6 25. Kh2 Nxb2 26. Qe4 Qe7 27. Nf4 Qh4 28. Rg1 Rfd8 29. Nxg6 Qxe4 30. Bxe4 fxg6 31. Rxg6+ Kf7 32. Rf6+ Ke7 33. Bxb7 Rab8 34. Rg1 Rg8 35. Rxg8 Rxg8 36. Bxa6 b4 37. d5 exd5 38. Rb6 Nc4 39. Bxc4 dxc4 40. Rxb4 Rc8 41. f4 c3 42. Rb1 c2 43. Rc1 Ke6 44. Kg3 Kf5 45. Kf3 Rc3+ 46. Ke2 Kxf4 47. e6 Rc6 48. e7 Re6+ 49. Kf1 Rxe7 50. Rxc2 Ra7 51. Rc4+ Kf3 52. Rc3+ Kf4 53. Kg2 Ra6 54. Rc4+ Kf5 55. Kg3 Ra3+ 56. f3 Ra5 57. Rc6 Kg5 58. Re6 Ra4 59. Rc6 Ra8 60. h4+ Kh5 61. Rc5+ Kg6 62. Kg4 h5+ 63. Kg3 Ra4 64. Rc6+ Kg7 65. Re6 Rb4 66. Re4 Rb5 67. Kf4 Kf6 68. Ra4 Rb6 69. Rc4 Ra6 70. Rb4 Rc6 71. Ke4 Re6+ 72. Kd5 Re5+ 73. Kd4 Ra5 74. Ke4 Ra6 75. Kf4 Rc6 76. Rb5 Rc4+ 77. Kg3 Kg6 78. Rb6+ Kg7 79. Re6 Ra4 80. Re5 Kg6 81. Rg5+ Kh6 82. Rg8 Kh7 83. Rf8 Kg6 84. Rf4 Ra5 85. Rb4 Ra6 86. Kf4 Rf6+ 87. Ke3 Re6+ 88. Re4 Ra6 89. Re5 Ra3+ 90. Kf2 Ra2+ 91. Re2 Ra4 92. Re4 Ra2+ 93. Kg3 Ra6 94. Re3 Rb6 95. f4 Ra6 96. Kf3 Rb6 97. Re5 Rb3+ 98. Re3 1/2-1/2

[Event "POL-chT 1st League"]
[Site "Leba"]
[Date "2023.09.25"]
[Round "3.8"]
[White "Golenia, Wojciech"]
[Black "Polkowski, Piotr"]
[Result "1-0"]
[WhiteElo "2198"]
[BlackElo "2129"]
[PlyCount "137"]
[EventDate "2023.09.23"]
[EventType "team-swiss"]
[EventRounds "9"]
[EventCountry "POL"]
[SourceTitle "CBM 216 Extra"]
[Source "ChessBase"]
[SourceDate "2023.11.30"]
[SourceVersion "1"]
[SourceVersionDate "2023.11.30"]
[SourceQuality "1"]
[WhiteTeam "Wieliczka"]
[BlackTeam "Lublin LKSz"]
[WhiteTeamCountry "POL"]
[BlackTeamCountry "POL"]

1. e4 e5 2. Nf3 Nc6 3. Bc4 Bc5 4. c3 Nf6 5. d4 exd4 6. e5 d5 7. Bb5 Ne4 8. cxd4 Bb4+ 9. Bd2 Nxd2 10. Nbxd2 0-0 11. 0-0 Bd7 12. a3 Ba5 13. Nb3 Bb6 14. Bxc6 Bxc6 15. Nc5 Bxc5 16. dxc5 Qe7 17. Qd4 a5 18. b4 axb4 19. axb4 Bb5 20. Rfe1 c6 21. h3 Rfe8 22. Qf4 Rxa1 23. Rxa1 f6 24. Re1 fxe5 25. Rxe5 Qd8 26. Rxe8+ Qxe8 27. Qc7 Ba6 28. Kh2 h6 29. Qf4 Bd3 30. Ne5 Be4 31. f3 Bc2 32. Qd4 Qe6 33. Kg1 Ba4 34. Kf2 Bb5 35. Qf4 Ba6 36. Ke3 Bf1 37. Kf2 Ba6 38. h4 Qe8 39. Ke3 Bf1 40. Kf2 Ba6 41. Ke3 Bf1 42. g4 Bc4 43. g5 hxg5 44. hxg5 Ba2 45. Kd4 Bb1 46. Qg4 Kh7 47. f4 g6 48. Qd7+ Qxd7 49. Nxd7 Bf5 50. Ne5 Kg7 51. Nf3 Kf7 52. Ke5 Ke7 53. Nd4 Bg4 54. Nb3 Be2 55. Nd4 Bg4 56. b5 Bd7 57. bxc6 bxc6 58. Nb3 Bc8 59. Kd4 Bd7 60. Kc3 Kd8 61. Kb4 Kc7 62. Nd4 Bg4 63. f5 Kd7 64. f6 Be6 65. Ka5 Bf7 66. Kb6 Be8 67. Nxc6 Ke6 68. Nd4+ Ke5 69. c6 1-0

[Event "POL-chT 1st League"]
[Site "Sypniewo"]
[Date "2022.09.06"]
[Round "4.6"]
[White "Snihur, Piotr"]
[Black "Polkowski, Piotr"]
[Result "1/2-1/2"]
[WhiteElo "2279"]
[BlackElo "2109"]
[PlyCount "47"]
[EventDate "2022.09.03"]
[EventType "team-swiss"]
[EventRounds "9"]
[EventCountry "POL"]
[SourceTitle "CBM 210 Extra"]
[Source "ChessBase"]
[SourceDate "2022.11.30"]
[SourceVersion "1"]
[SourceVersionDate "2022.11.30"]
[SourceQuality "1"]
[WhiteTeam "Konin UKS Smecz"]
[BlackTeam "Lublin LKSz"]
[WhiteTeamCountry "POL"]
[BlackTeamCountry "POL"]

1. e4 e5 2. Nf3 Nc6 3. Bb5 a6 4. Ba4 Nf6 5. 0-0 b5 6. Bb3 Bc5 7. Re1 d6 8. c3 Bb7 9. a4 0-0 10. d4 Bb6 11. Bg5 h6 12. Bh4 Re8 13. axb5 axb5 14. Rxa8 Bxa8 15. d5 Nb8 16. Na3 g5 17. Bg3 Qd7 18. c4 Qg4 19. Nd2 Qxd1 20. Rxd1 bxc4 21. Naxc4 Bc5 22. Ne3 Nbd7 23. Nf5 Kh7 24. Kf1 1/2-1/2

[Event "POL-chT 1st League"]
[Site "Sypniewo"]
[Date "2022.09.03"]
[Round "1.6"]
[White "Polkowski, Piotr"]
[Black "Sernecki, Franciszek"]
[Result "0-1"]
[WhiteElo "2109"]
[BlackElo "2275"]
[PlyCount "64"]
[EventDate "2022.09.03"]
[EventType "team-swiss"]
[EventRounds "9"]
[EventCountry "POL"]
[SourceTitle "CBM 210 Extra"]
[Source "ChessBase"]
[SourceDate "2022.11.30"]
[SourceVersion "1"]
[SourceVersionDate "2022.11.30"]
[SourceQuality "1"]
[WhiteTeam "Lublin LKSz"]
[BlackTeam "Sedziszow Malopolski"]
[WhiteTeamCountry "POL"]
[BlackTeamCountry "POL"]

1. e4 c6 2. d4 d5 3. Nd2 dxe4 4. Nxe4 Nf6 5. Nxf6+ exf6 6. Nf3 Bd6 7. Bd3 0-0 8. 0-0 Bg4 9. c3 a5 10. Be3 Na6 11. Re1 Nc7 12. Qc2 Bxf3 13. gxf3 g6 14. Bh6 Re8 15. Rxe8+ Qxe8 16. Qd2 Qd7 17. Bf4 Ne6 18. Be3 Qc7 19. h3 f5 20. Qc2 Qe7 21. Kg2 Bf4 22. Bxf4 Nxf4+ 23. Kh2 Qh4 24. Bf1 Re8 25. Kg1 Qg5+ 26. Kh2 Re2 27. Qxe2 Nxe2 28. Bxe2 Qd2 29. Bf1 Qxb2 30. Rd1 Qxf2+ 31. Bg2 Qxa2 32. d5 Qc2 0-1

[Event "POL-chT 2nd League"]
[Site "Poronin"]
[Date "2020.09.13"]
[Round "9.16"]
[White "Polkowski, Piotr"]
[Black "Stachanczyk, Jacek"]
[Result "1-0"]
[WhiteElo "2141"]
[BlackElo "2156"]
[PlyCount "63"]
[EventDate "2020.09.05"]
[EventType "team-swiss"]
[EventRounds "9"]
[EventCountry "POL"]
[SourceTitle "CBM 198 Extra"]
[Source "ChessBase"]
[SourceDate "2020.11.30"]
[SourceVersion "1"]
[SourceVersionDate "2020.11.30"]
[SourceQuality "1"]
[WhiteTeam "Lublin LKSz"]
[BlackTeam "Jaworzno"]
[WhiteTeamCountry "POL"]
[BlackTeamCountry "POL"]

1. e4 c5 2. Nc3 g6 3. Bc4 Nc6 4. d3 Bg7 5. f4 e6 6. Nf3 Nge7 7. 0-0 0-0 8. Qe1 d5 9. Bb3 Nd4 10. Nxd4 cxd4 11. Ne2 dxe4 12. dxe4 a5 13. Bc4 e5 14. Qh4 Be6 15. Bd3 Nc6 16. Qg3 exf4 17. Bxf4 Qb6 18. Bc7 Qa7 19. Nf4 Rfe8 20. Nd5 Bxd5 21. exd5 Be5 22. Qf3 Rf8 23. dxc6 Bxc7 24. cxb7 Rad8 25. Kh1 Qc5 26. Rae1 Bb8 27. g3 f5 28. Re6 Kg7 29. Qc6 Qb4 30. g4 fxg4 31. Rxg6+ Kh8 32. Rgf6 1-0

[Event "POL-chT 2nd League"]
[Site "Jastrzebia Gora"]
[Date "2019.09.13"]
[Round "7.12"]
[White "Polkowski, Piotr"]
[Black "Szczesniak, Andrzej"]
[Result "1-0"]
[WhiteElo "2109"]
[BlackElo "1941"]
[PlyCount "51"]
[EventDate "2019.09.07"]
[EventType "team-swiss"]
[EventRounds "9"]
[EventCountry "POL"]
[SourceTitle "EXT 2020"]
[Source "ChessBase"]
[SourceDate "2019.10.17"]
[SourceVersion "1"]
[SourceVersionDate "2019.10.17"]
[SourceQuality "1"]
[WhiteTeam "Lublin LKSz"]
[BlackTeam "Grudziadz Rotmistrz"]
[WhiteTeamCountry "POL"]
[BlackTeamCountry "POL"]

1. e4 e6 2. d4 d5 3. exd5 exd5 4. Nf3 Nc6 5. c3 Bd6 6. Bd3 Bg4 7. 0-0 Nge7 8. Bg5 h6 9. Bh4 g5 10. Bg3 f5 11. Bxd6 Qxd6 12. Nbd2 0-0-0 13. Qc2 Qf6 14. Rfe1 Bxf3 15. Nxf3 g4 16. Ne5 Rhf8 17. Re2 Nxe5 18. Rxe5 f4 19. Rae1 Rd7 20. Re6 Qg7 21. Qa4 g3 22. Qxa7 gxf2+ 23. Kxf2 Kd8 24. Bf5 f3 25. Qb8+ Nc8 26. Qxc8+ 1-0

[Event "POL-chT 2nd League"]
[Site "Jastrzebia Gora"]
[Date "2019.09.10"]
[Round "4.5"]
[White "Polkowski, Piotr"]
[Black "Piotrowski, Przemyslaw"]
[Result "0-1"]
[WhiteElo "2109"]
[BlackElo "2293"]
[PlyCount "72"]
[EventDate "2019.09.07"]
[EventType "team-swiss"]
[EventRounds "9"]
[EventCountry "POL"]
[SourceTitle "EXT 2020"]
[Source "ChessBase"]
[SourceDate "2019.10.17"]
[SourceVersion "1"]
[SourceVersionDate "2019.10.17"]
[SourceQuality "1"]
[WhiteTeam "Lublin LKSz"]
[BlackTeam "Wroclaw Polonia"]
[WhiteTeamCountry "POL"]
[BlackTeamCountry "POL"]

1. e4 c5 2. Nc3 Nc6 3. Bb5 e5 4. d3 g6 5. Nf3 Bg7 6. h3 Nge7 7. 0-0 d6 8. Bc4 0-0 9. a4 h6 10. Nh2 Kh7 11. f4 f5 12. fxe5 Nxe5 13. Ba2 Bd7 14. Be3 Bc6 15. Qd2 b6 16. Bb3 d5 17. exd5 Nxd5 18. Nxd5 Bxd5 19. Bxd5 Qxd5 20. b3 g5 21. Kh1 f4 22. Bg1 Ng6 23. Rae1 Nh4 24. Nf3 Nf5 25. Bf2 Bd4 26. c4 Qd6 27. Nxd4 cxd4 28. Qb2 Ne3 29. Bxe3 fxe3 30. Qe2 Qg3 31. Kg1 a5 32. Rxf8 Rxf8 33. Rf1 Kg7 34. Rxf8 Kxf8 35. Qc2 Qe1+ 36. Kh2 Qf2 0-1

[Event "POL-chT 1st League"]
[Site "Poronin"]
[Date "2016.09.08"]
[Round "6.4"]
[White "Polkowski, Piotr"]
[Black "Tomaszewski, Roman"]
[Result "1-0"]
[WhiteElo "2103"]
[BlackElo "2296"]
[PlyCount "93"]
[EventDate "2016.09.03"]
[EventType "team-tourn"]
[EventRounds "9"]
[EventCountry "POL"]
[SourceTitle "CBM 174 Extra"]
[Source "ChessBase"]
[SourceDate "2016.10.10"]
[SourceVersion "1"]
[SourceVersionDate "2016.10.10"]
[SourceQuality "1"]
[WhiteTeam "Lublin Drakon"]
[BlackTeam "Czestochowa Hetman"]
[WhiteTeamCountry "POL"]
[BlackTeamCountry "POL"]

1. e4 c6 2. d4 d5 3. Nd2 g6 4. h3 Bg7 5. Ngf3 Nh6 6. Bd3 0-0 7. 0-0 Nd7 8. Re1 Re8 9. c3 f6 10. exd5 cxd5 11. Qb3 Nb6 12. Ne4 Nf7 13. Nc5 e5 14. Bb5 Re7 15. dxe5 fxe5 16. a4 a5 17. Be3 Qc7 18. Rad1 Bf5 19. Bf1 Nc4 20. g4 Nxe3 21. Rxe3 Qxc5 22. gxf5 Rd8 23. fxg6 hxg6 24. Nh4 Rd6 25. Rg3 Ree6 26. Qxb7 Rf6 27. Nf3 e4 28. Nd4 Rb6 29. Qa8+ Kh7 30. Bb5 Nd6 31. Rg5 e3 32. fxe3 Ne4 33. Qxd5 Qxd5 34. Rxd5 Rf2 35. Bd3 Nf6 36. Kxf2 Nxd5 37. Bb5 Nc7 38. Ke2 Kh6 39. c4 Bf8 40. Nc6 Bg7 41. Rd7 Ne6 42. b4 axb4 43. a5 Nc5 44. axb6 Nxd7 45. b7 b3 46. Ba4 b2 47. Bc2 1-0

[Event "Lublin Union rapid op 7th"]
[Site "Lublin"]
[Date "2015.06.26"]
[Round "6"]
[White "Polkowski, Piotr"]
[Black "Savchuk, Julia"]
[Result "1-0"]
[WhiteElo "2129"]
[BlackElo "1864"]
[PlyCount "89"]
[EventDate "2015.06.26"]
[EventType "swiss (rapid)"]
[EventRounds "7"]
[EventCountry "POL"]
[SourceTitle "CBM 167 Extra"]
[Source "ChessBase"]
[SourceDate "2015.09.14"]
[SourceVersion "1"]
[SourceVersionDate "2015.09.14"]
[SourceQuality "1"]

1. e4 d5 2. Nc3 dxe4 3. Nxe4 Nc6 4. Nf3 Bg4 5. Bc4 e6 6. h3 Bxf3 7. Qxf3 Qd4 8. Qe2 0-0-0 9. c3 Qd7 10. d4 h6 11. Be3 Nge7 12. Nc5 Qe8 13. 0-0-0 Nd5 14. Bd2 Bxc5 15. dxc5 Qf8 16. b4 a5 17. a3 g5 18. Kb2 Qg7 19. Kb3 a4+ 20. Kc2 Qg6+ 21. Kb2 Qf6 22. Bb5 Ne5 23. Rhe1 Ng6 24. g3 h5 25. Bxa4 h4 26. c6 Nb6 27. cxb7+ Kxb7 28. Bb3 c6 29. a4 Ne7 30. a5 Nbd5 31. b5 Nb4 32. bxc6+ Nexc6 33. Qb5+ Ka8 34. Ka3 Rb8 35. Qc5 Rhc8 36. cxb4 Nxb4 37. Qxc8 Rxc8 38. Bxb4 Rb8 39. Re4 Qf5 40. Rc4 Qxf2 41. gxh4 gxh4 42. Rd7 Rb7 43. Rd8+ Ka7 44. Bc5+ Qxc5+ 45. Rxc5 1-0

[Event "Lublin-Lvov m 7th"]
[Site "Lublin"]
[Date "2015.06.24"]
[Round "1.4"]
[White "Davymuka, Roman"]
[Black "Polkowski, Piotr"]
[Result "1-0"]
[WhiteElo "2140"]
[BlackElo "2129"]
[PlyCount "92"]
[EventDate "2015.06.24"]
[EventType "team-match"]
[EventRounds "2"]
[EventCountry "POL"]
[SourceTitle "CBM 167 Extra"]
[Source "ChessBase"]
[SourceDate "2015.09.14"]
[SourceVersion "1"]
[SourceVersionDate "2015.09.14"]
[SourceQuality "1"]
[WhiteTeam "Lvov"]
[BlackTeam "Lublin"]
[WhiteTeamCountry "UKR"]
[BlackTeamCountry "POL"]

1. d4 d6 2. c4 e5 3. e3 Be7 4. Nf3 Nc6 5. Be2 Nf6 6. d5 Nb8 7. Nc3 0-0 8. e4 b6 9. 0-0 h6 10. Qc2 Nh7 11. Be3 Nd7 12. b4 Ng5 13. Nd2 Nf6 14. Nb3 Ng4 15. Bd2 Bd7 16. h3 Nf6 17. c5 bxc5 18. bxc5 c6 19. Rfd1 cxd5 20. exd5 Qc8 21. Bxg5 hxg5 22. c6 Bf5 23. Bd3 Bxd3 24. Qxd3 g4 25. hxg4 Nxg4 26. Nd2 f5 27. Nc4 Rf6 28. f3 e4 29. Qe2 Ne5 30. Nxe5 dxe5 31. Qc4 Kh7 32. fxe4 f4 33. Kf2 Rh6 34. Rh1 Bh4+ 35. Kg1 Qg4 36. Qe2 Qg5 37. Qf3 Bg3 38. Rxh6+ Qxh6 39. Rb1 Rh8 40. Kf1 Qd6 41. Rb7 Kh6 42. Qg4 Rg8 43. Qe6+ Qxe6 44. dxe6 Rc8 45. c7 Bh4 46. Kg1 Kh7 1-0

[Event "POL-chT1"]
[Site "Poronin"]
[Date "2014.09.01"]
[Round "2.1"]
[White "Lisowski, Krzysztof"]
[Black "Polkowski, Piotr"]
[Result "1-0"]
[WhiteElo "2152"]
[BlackElo "2166"]
[PlyCount "59"]
[EventDate "2014.08.31"]
[EventType "team-tourn"]
[EventRounds "9"]
[EventCountry "POL"]
[SourceTitle "CBM 162 Extra"]
[Source "ChessBase"]
[SourceDate "2014.10.17"]
[SourceVersion "1"]
[SourceVersionDate "2014.10.17"]
[SourceQuality "1"]
[WhiteTeam "Ostroda Impact"]
[BlackTeam "Lublin Drakon SKOK Chmielewskiego"]
[WhiteTeamCountry "POL"]
[BlackTeamCountry "POL"]

1. Nf3 d5 2. c4 c6 3. e3 Nf6 4. Nc3 e6 5. b3 Bd6 6. Bb2 Nbd7 7. d4 Qe7 8. Be2 a6 9. Qc2 0-0 10. 0-0 b5 11. e4 dxe4 12. Nxe4 Nxe4 13. Qxe4 Bb7 14. c5 Bc7 15. Bd3 f5 16. Qe2 e5 17. Nxe5 Bxe5 18. dxe5 Nxc5 19. Ba3 a5 20. Rac1 b4 21. Bc4+ Kh8 22. Bb2 Ne6 23. Rfd1 Rfd8 24. Rd6 Nf4 25. Qe3 Nd5 26. Bxd5 cxd5 27. Qb6 Rac8 28. Rxd8+ Rxd8 29. Rc7 Rd7 30. Qxb7 1-0

[Event "Lublin Gerlecka Memorial 4th"]
[Site "Lublin"]
[Date "2014.08.02"]
[Round "7"]
[White "Wisniewski, Przemyslaw"]
[Black "Polkowski, Piotr"]
[Result "1/2-1/2"]
[WhiteElo "2032"]
[BlackElo "2170"]
[PlyCount "35"]
[EventDate "2014.07.28"]
[EventType "tourn"]
[EventRounds "9"]
[EventCountry "POL"]
[SourceTitle "CBM 161 Extra"]
[Source "ChessBase"]
[SourceDate "2014.08.29"]
[SourceVersion "1"]
[SourceVersionDate "2014.08.29"]
[SourceQuality "1"]

1. Nf3 d5 2. b3 Nf6 3. Bb2 c5 4. e3 Nc6 5. Bb5 Qb6 6. Bxc6+ bxc6 7. Ne5 Ba6 8. d3 e6 9. c4 Be7 10. 0-0 0-0 11. Ng4 d4 12. Nxf6+ Bxf6 13. e4 e5 14. Bc1 Rae8 15. f4 exf4 16. Bxf4 Be5 17. Nd2 Bc8 18. Qe1 1/2-1/2

[Event "Lublin Gerlecka Memorial 4th"]
[Site "Lublin"]
[Date "2014.07.31"]
[Round "4"]
[White "Polkowski, Piotr"]
[Black "Zuk, Andrzej"]
[Result "0-1"]
[WhiteElo "2170"]
[BlackElo "2076"]
[PlyCount "100"]
[EventDate "2014.07.28"]
[EventType "tourn"]
[EventRounds "9"]
[EventCountry "POL"]
[SourceTitle "CBM 161 Extra"]
[Source "ChessBase"]
[SourceDate "2014.08.29"]
[SourceVersion "1"]
[SourceVersionDate "2014.08.29"]
[SourceQuality "1"]

1. e4 c5 2. Nf3 d6 3. Bc4 Nc6 4. Nc3 Nf6 5. 0-0 g6 6. d3 Bg7 7. Bf4 0-0 8. h3 a6 9. a4 h6 10. Qd2 Kh7 11. Be3 e5 12. Nh2 Nh5 13. Ne2 f5 14. f3 f4 15. Bf2 Nd4 16. c3 Nxe2+ 17. Qxe2 Ng3 18. Bxg3 fxg3 19. Ng4 Rf4 20. Ne3 Rh4 21. Rfd1 Bxh3 22. Qe1 Qg5 23. gxh3 Rxh3 24. Be6 Rh2 25. Nf1 Rf2 26. Rd2 Rf8 27. Bh3 R8xf3 28. Bg2 Rf8 29. Rad1 h5 30. Nxg3 Rxd2 31. Rxd2 h4 32. Re2 Bh6 33. Nf1 h3 34. Rf2 Rxf2 35. Qxf2 Qxg2+ 36. Qxg2 hxg2 37. Kxg2 Bf4 38. Kf3 Kh6 39. Kg4 b5 40. axb5 axb5 41. b3 Kg7 42. Kh3 Kf6 43. Kg4 b4 44. c4 g5 45. Kh5 Kg7 46. Kg4 Kg6 47. Kf3 Kh5 48. Kf2 Kh4 49. Kg2 Kg4 50. Kf2 Kh3 0-1

[Event "Lublin Gerlecka Memorial 4th"]
[Site "Lublin"]
[Date "2014.07.30"]
[Round "3"]
[White "Stoma, Pawel"]
[Black "Polkowski, Piotr"]
[Result "1/2-1/2"]
[WhiteElo "2326"]
[BlackElo "2170"]
[PlyCount "119"]
[EventDate "2014.07.28"]
[EventType "tourn"]
[EventRounds "9"]
[EventCountry "POL"]
[SourceTitle "CBM 161 Extra"]
[Source "ChessBase"]
[SourceDate "2014.08.29"]
[SourceVersion "1"]
[SourceVersionDate "2014.08.29"]
[SourceQuality "1"]

1. c4 e5 2. Nc3 Nc6 3. e3 Nf6 4. Nf3 Bb4 5. Qc2 0-0 6. Nd5 Bc5 7. Ng5 g6 8. Nxf6+ Qxf6 9. Ne4 Qe7 10. Nxc5 Qxc5 11. Qc3 Qb4 12. Qc2 Qc5 13. a3 a5 14. Qa4 Ra7 15. d3 d5 16. Qb5 Qxb5 17. cxb5 Ne7 18. Bd2 Bd7 19. a4 c5 20. Be2 b6 21. 0-0 Rc8 22. e4 Be6 23. f4 exf4 24. Bxf4 Rd7 25. Bg5 Kf8 26. Rf4 dxe4 27. dxe4 Ng8 28. Rff1 Rd4 29. Rfd1 Rxe4 30. Bf3 Rd4 31. Rxd4 cxd4 32. Rd1 f6 33. Bf4 Ne7 34. Rxd4 Nf5 35. Rd3 Rc4 36. Bd2 Rxa4 37. Rd8+ Ke7 38. Rb8 Bc4 39. Rb7+ Kd6 40. h4 Nd4 41. Rxb6+ Kc5 42. Rxf6 Nxf3+ 43. Rxf3 Bxb5 44. h5 gxh5 45. Rf5+ Kb6 46. Be3+ Kc6 47. Rc5+ Kb6 48. Rxh5+ Kc6 49. Rh6+ Kd5 50. Rh5+ Ke4 51. Bd2 Kd3 52. Bc3 Bc6 53. Rxh7 Rg4 54. Rh3+ Ke2 55. Rh2 a4 56. Be5 Kd3 57. Rh3+ Ke2 58. Rh2 Kd3 59. Rh3+ Ke2 60. Rh2 1/2-1/2

[Event "Lublin Gerlecka Memorial 4th"]
[Site "Lublin"]
[Date "2014.07.28"]
[Round "1"]
[White "Polkowski, Piotr"]
[Black "Lipski, Tadeusz"]
[Result "1-0"]
[WhiteElo "2170"]
[BlackElo "1986"]
[PlyCount "51"]
[EventDate "2014.07.28"]
[EventType "tourn"]
[EventRounds "9"]
[EventCountry "POL"]
[SourceTitle "CBM 161 Extra"]
[Source "ChessBase"]
[SourceDate "2014.08.29"]
[SourceVersion "1"]
[SourceVersionDate "2014.08.29"]
[SourceQuality "1"]

1. d4 d5 2. c4 Bf5 3. Nc3 e6 4. Nf3 Nc6 5. a3 Rb8 6. Bf4 Bd6 7. cxd5 Bxf4 8. dxc6 bxc6 9. b4 Ne7 10. e3 Bh6 11. Qa4 Rb7 12. Ne5 Rb6 13. Qxa7 0-0 14. Be2 f6 15. Nc4 Rb8 16. 0-0 Nd5 17. Nxd5 cxd5 18. Na5 Qd7 19. Rfc1 Rbc8 20. Rc6 e5 21. Rac1 exd4 22. Qxd4 Rfe8 23. Ba6 Ra8 24. Rxc7 Qa4 25. Bb7 Ra7 26. Bxd5+ 1-0